Trayectorias singulares, voces plurales : intelectuales en la argentina, siglos xix-xx /
Guardado en:
| Otros Autores: | , , |
|---|---|
| Formato: | Libro |
| Publicado: |
Sáenz Peña :
Universidad Nacional de Tres de Febrero,
2015
|
| Materias: | |
| Etiquetas: |
Agregar Etiqueta
Sin Etiquetas, Sea el primero en etiquetar este registro!
|
| LEADER | 00778nam a22002055a 4500 | ||
|---|---|---|---|
| 001 | EHU.bham044239 | ||
| 003 | AR-BHAM | ||
| 005 | 20160919133209.0 | ||
| 008 | 130507s2015##################000#0#####d | ||
| 020 | |a 9789871889587 | ||
| 082 | 3 | 0 | |a 306.982 |
| 245 | 0 | 0 | |a Trayectorias singulares, voces plurales : |b intelectuales en la argentina, siglos xix-xx / |c Comp. Por Mariano Di Pasquale, Marcelo Summo : |
| 260 | |a Sáenz Peña : |b Universidad Nacional de Tres de Febrero, |c 2015 | ||
| 300 | |a 275 p. | ||
| 653 | |a Historia cultural argentina-siglos xix-xx | ||
| 653 | |a Intelectuales argentinos-siglos xix-xx | ||
| 700 | 1 | |a Di Pasquale, Mariano, comp. | |
| 700 | 1 | |a Summo, Marcelo, comp. | |
| 700 | 1 | |a Baltar, Rosalía | |
| 859 | |a AR-BHAM |b BIB. HUMANIDADES - General |h 306.982 |i T698 |p 479.16 |t Ej.1 | ||
